000 01119cam a2200325 a 4500
001 3293
003 FISKH
005 20250221155457.0
008 110819s2012 nyu c 000 1 eng
010 _a 2011024345
020 _a9781606841013 (hardcover)
020 _a9780545498487
020 _a9781606843024 (ebook)
040 _aDLC
_cDLC
_dDLC
_beng
042 _alcac
_apcc
050 0 0 _aPZ7.C5412
_bHo 2012
082 0 0 _a[Fic]
_223
100 1 _aClark, Catherine,
_d1962-
245 1 0 _aHow not to run for president /
_cCatherine Clark.
260 _aNew York :
_bScholastic,
_c2012.
300 _a235 pages ;
_c20 cm
505 _aO
520 _aWhen Aidan, an ordinary Ohio twelve-year-old, saves a presidential candidate from injury during a campaign appearance and his heroic deed is broadcast everywhere, he and his family discover the seamy side of being in the media spotlight.
521 8 _a600
_bLexile
521 8 _aO
_bRaz-Plus
650 1 _aPolitics, Practical
_vFiction.
650 1 _aFame
_vFiction.
906 _a7
_bcbc
_corignew
_d1
_eecip
_f20
_gy-gencatlg
942 _2ddc
_cBK
_n0
999 _c3293
_d3293